LEADER 04813nam 2200649 450 001 9910460334903321 005 20200520144314.0 010 $a1-118-71078-9 010 $a1-118-71122-X 035 $a(CKB)3710000000332036 035 $a(EBL)1913918 035 $a(SSID)ssj0001402003 035 $a(PQKBManifestationID)12547466 035 $a(PQKBTitleCode)TC0001402003 035 $a(PQKBWorkID)11358339 035 $a(PQKB)11225108 035 $a(PQKBManifestationID)16039948 035 $a(PQKB)23215659 035 $a(MiAaPQ)EBC1913918 035 $a(DLC) 2014024600 035 $a(Au-PeEL)EBL1913918 035 $a(CaPaEBR)ebr11004533 035 $a(CaONFJC)MIL690601 035 $a(OCoLC)881592507 035 $a(EXLCZ)993710000000332036 100 $a20150124h20152015 uy 0 101 0 $aeng 135 $aurcnu|||||||| 181 $ctxt 182 $cc 183 $acr 200 10$aFoundations of couples, marriage, and family counseling /$fDavid Capuzzi, Mark D. Stauffer 210 1$aHoboken, New Jersey :$cJohn Wiley & Sons,$d2015. 210 4$dİ2015 215 $a1 online resource (547 p.) 300 $aDescription based upon print version of record. 311 $a1-322-59319-1 311 $a1-118-71099-1 320 $aIncludes bibliographical references and indexes. 327 $aEssential knowledge and skills -- Variations in family systems and family life cycles / David Capuzzi, Ph.D., Mark D. Stauffer, Ph. D., and Nicholaus Erber, M.A -- Using community genograms to position culture and context in family therapy / Sandra A. Rigazio-DiGilio, Ph.D and Hyeseong Kang, M.A -- Diversity and intercultural work in family counseling / Brian S. Canfield, Ed. D -- Using research and effectively evaluating couples and family therapy / Brande N. Flamez, Ph.D., Janet Froeschle Hicks, Ph. D., and Ashley Clark, MS -- Legal, ethical, and professional issues / Melinda Haley, Ph.D -- Theories : history, concepts, and techniques -- Psychodynamic theories : approaches and applications / Stephanie K. Scott, Ph.D -- Experiential and humanistic theories : approaches and applications / Mark B. Scholl, Ph.D., Michelle Perepiczka, Ph.D., and Michael Walsh, Ph.D -- Bowenian family systems theory : approaches and applications / Dohee Kim-Appel, Ph. D. and Jonathan K. Appel, Ph. D -- Structural theory: approaches and applications / Shawn P. Parmanand, Ph.D. and Esther Benoit, Ph.D -- Strategic and milan systemic theories : approaches and applications / Mark D. Stauffer, Ph.D. and David Capuzzi, Ph.D -- Behavioral and cognitive-behavioral theories approaches and applications / Marvarene Oliver, Ed.D and Yvonne Castillo, Ph.D -- Couples work -- Key issues and interventions in couples counseling / Montserrat Casado-Kehoe, Ph.D. and Diane Kimball Parker, M.S -- Sexuality and gender in couples counseling / Janet Froeschle Hicks, Ph. D. and Brande? N. Flamez, Ph. D -- Counseling couples using life cycle and narrative therapy lenses / Colleen Logan, Ph.D., Aaron H. Jackson, Ph.D., Lee A. Teufel-Prida, Ph.D., and Dawn M. Wirick, Ph.D -- Special issues -- Filial play therapy and other strategies for working with parents / John Sommers-Flanagan, Ph.D., Kirsten W. Murray, Ph.D. and Christina G. Yoshimura,Ph.D -- Working with addictions in family therapy / Pamela S. Lassiter, Ph.D, Astra B. Czerny, M.A. and Kimberly S. Williams, M.A -- Violence, abuse, and trauma in family therapy / Danica G. Hays, Ph.D., Kevin C. Snow, M.S., M.A. and Cassandra G. Pusateri, Ph.D -- Divorce and other loss issues in family therapy / Thelma Duffey, Ph.D -- About the editors -- About the contributors -- References -- . 330 $aA comprehensive and practical approach to the world of marriage, couples, and family counseling Esteemed academics David Capuzzi and Mark D. Stauffer present the theory, research, and real-life practice of today's counselors and therapists in family therapy settings. Aligned with the Council for Accreditation of Counseling and Related Educational Programs (CACREP) and Commission on Accreditation for Marriage and Family Therapy Education (COAMFTE), this useful text covers foundational teaching important to readers, but also critical modern topics not included in other texts, such as sexuality, 606 $aFamily counseling 606 $aVocational guidance 608 $aElectronic books. 615 0$aFamily counseling. 615 0$aVocational guidance. 676 $a362.82/86 700 $aCapuzzi$b Dave$0877021 702 $aCapuzzi$b Dave 702 $aStauffer$b Mark D. 801 0$bMiAaPQ 801 1$bMiAaPQ 801 2$bMiAaPQ 906 $aBOOK 912 $a9910460334903321 996 $aFoundations of couples, marriage, and family counseling$92116886 997 $aUNINA LEADER 03087nam 2200793 450 001 9910792793003321 005 20230810002115.0 010 $a0-271-07920-7 010 $a0-271-07922-3 024 7 $a10.4159/9780271079226 035 $a(CKB)3710000001055886 035 $a(OCoLC)1080549035 035 $a(MdBmJHUP)muse68691 035 $a(MiAaPQ)EBC6224767 035 $a(DE-B1597)584612 035 $a(DE-B1597)9780271079226 035 $a(OCoLC)1262307758 035 $a(EXLCZ)993710000001055886 100 $a20201001d2017 uy 0 101 0 $aeng 135 $aur|||||||nn|n 181 $ctxt$2rdacontent 182 $cc$2rdamedia 183 $acr$2rdacarrier 200 10$aFreedom and the cage $emodern architecture and psychiatry in Central Europe, 1890-1914 /$fLeslie Topp 210 1$aUniversity Park, Pennsylvania :$cPennsylvania State University Press,$d[2017] 210 4$dİ2017 215 $a1 online resource (xxii, 232 pages :)$cillustrations, maps ; 225 1 $aBuildings, landscapes, and societies 311 $a0-271-07710-7 320 $aIncludes bibliographical references (pages 219-228) and index. 327 $aThe free institution -- Regions, nationalism, and the asylum as a political project -- "A white city shimmering" : the rhetorical heightening of control -- Utopia in process in Vienna's hinterland -- Spaces -- Boundaries. 330 $a"Explores the issues surrounding the architectural design of insane asylums in the late nineteenth-century Habsburg Empire, including the paradox of maximizing individual freedom within an environment of involuntary confinement"--$cProvided by publisher. 410 0$aBuildings, landscapes, and societies. 606 $aHospital architecture$zEurope, Central$xHistory$y19th century 606 $aPsychiatric hospitals$zEurope, Central$xDesign and construction$xHistory$y20th century 606 $aPsychiatric hospitals$zEurope, Central$xDesign and construction$xHistory$y19th century 606 $aHospital architecture$zEurope, Central$xHistory$y20th century 610 $aAustria. 610 $aGermany. 610 $aHabsburg Empire. 610 $aVienna. 610 $aWorld War I. 610 $aarchitecture. 610 $aasylum. 610 $afreedom. 610 $ahospitals. 610 $ainsitution. 610 $alate nineteenth century. 610 $amental health. 610 $anationalism. 610 $apsychiatric. 610 $apsychiatrist. 610 $apsychology. 610 $autopia. 610 $a?caged freedom?. 615 0$aHospital architecture$xHistory 615 0$aPsychiatric hospitals$xDesign and construction$xHistory 615 0$aPsychiatric hospitals$xDesign and construction$xHistory 615 0$aHospital architecture$xHistory 676 $a725.52094 700 $aTopp$b Leslie$f1969-$01552183 801 0$bMiAaPQ 801 1$bMiAaPQ 801 2$bMiAaPQ 906 $aBOOK 912 $a9910792793003321 996 $aFreedom and the cage$93812002 997 $aUNINA